2000 1986 1219 1238 1354 1954 1770 1346 1174 1699 1137 1814 1466 1599 1083 1037 1642 1770 1125 1603 1388 1405 1486 1977 1281 1260 1102 1858 1553 1093 1822 1720 1152 1325 1498 1758 1485 1043 1915 1632 1696 1614 1967 1367 1930 1156 1591 1215 1365 1021 1469 1749 1943 1925 1813 1051 1448 1306 1137 1935 1133 1818 1967 1467 1574 1194 1268 1997 1736 1066 1477 1057 1784 1339 1037 1988 1364 1896 1840 1663 1851 1457 1801 1329 1374 1086 1513 1777 1509 1218 1389 1718 1011 1084 1976 1264 1605 1945 1174 BCNSPRNW ULIB Ver.6.0+V

เปลี่ยนเป็นภาษาไทย

Change to English
 แสดงรายละเอียดบรรณานุกรม
  กลับหน้าหลัก

Brief Record : Get Marc (ISO 2709) : E-mail record : QR code < ปิดหน้าต่าง
LEADER : 00000nam 2200000uu 4500
001    13399128835
003     ULIB
008    241009s2565||||th 000 0 tha d
020    ^a9786165907828
060 04 ^aWM430^bพ887ก
100 0  ^aเพ็ญนภา กุลนภาดล
245 10 ^aการปรึกษาครอบครัว =^bFamily conseling /^cเพ็ญนภา กุลนภาดล
246 31 ^aFamily conseling
250    ^aพิมพ์ครั้งที่ 4 ฉบับปรับปรุงครั้งที่ 2
260    ^aชลบุรี :^bภาควิชาวิจัยและจิตวิทยาประยุกต์ คณะศึกษาศาสตร์มหาวิทยาลัยบูรพา,^c2565
300    ^aก-จ, 244 หน้า :^bภาพประกอบ ;^c25 ซม.
650  4 ^aการให้คำปรึกษาครอบครัว
650  4 ^aครอบครัว^xแง่จิตวิทยา
650  4 ^aจิตบำบัดครอบครัว
710 2  ^aมหาวิทยาลัยบูรพา.^bคณะศึกษาศาสตร์.^bภาควิชาวิจัยและจิตวิทยาประยุกต์
945    ^p250^l0^i011052
945    ^p250^l0^i011053
945    ^p250^l0^i011054
999    ^aประนอม เกษจรัล
รายการนี้ยังไม่มีแท็ก
คุณยังไม่ได้ล็อกอิน คุณสามารถมีกิจกรรมร่วมกับเว็บไซต์ได้ แต่ต้องล็อกอินก่อน ::
  ล็อกอิน

รายการสื่อสารสนเทศ

ลำดับที่ ประเภท เลขเรียก/บาร์โค้ด สถานที่ สถานะ
1. Book การพยาบาล
หนังสือสำรอง
สถานะ=หนังสือสำรอง
WM430 พ887ก ฉ.1 
  Barcode: 011052
ห้องสมุดวิทยาเขตสวรรค์ประชารักษ์
►หนังสือทั่วไป
บนชั้น
2. Book การพยาบาล
Book การพยาบาล
WM430 พ887ก ฉ.2 
  Barcode: 011053
ห้องสมุดวิทยาเขตสวรรค์ประชารักษ์
►หนังสือทั่วไป
บนชั้น
3. Book การพยาบาล
Book การพยาบาล
WM430 พ887ก ฉ.3 
  Barcode: 011054
ห้องสมุดวิทยาเขตสวรรค์ประชารักษ์
►หนังสือทั่วไป
บนชั้น

รายการใกล้เคียง
    ผู้แต่ง [เพ็ญนภา กุลนภาดล]

    หัวเรื่อง [การให้คำปรึกษาครอบครัว]
    หัวเรื่อง [จิตบำบัดครอบครัว]

BibComment


ยังไม่เคยถูกคอมเมนท์

คอมเมนท์ทรัพยากรรายการนี้
  คอมเมนท์: การปรึกษาครอบครั..


 Copyright 2026. Bcnsprnw @Library